|
|
|
|
| LEADER |
01514nam a22003737a 4500 |
| 001 |
35772 |
| 003 |
BD-DhAAL |
| 005 |
20211130130802.0 |
| 008 |
191002t1999 bg 001 0 eng d |
| 999 |
|
|
|c 41501
|d 41501
|
| 020 |
|
|
|a 9840739050
|
| 040 |
|
|
|a BD-DhAAL
|
| 041 |
0 |
|
|a engben
|
| 042 |
|
|
|a lcode
|
| 043 |
|
|
|a a-bg---
|
| 082 |
0 |
0 |
|a 070.5095414
|2 21
|
| 100 |
1 |
|
|a Khan, Mofakhkhar Hussain.
|9 34774
|
| 245 |
1 |
4 |
|a The Bengali book :
|b history of printing and book making,
|n 1667-1866 /
|c Mofakhkhar Hussain Khan.
|
| 260 |
|
|
|a Dhaka :
|b Bangla Academy,
|c 1999
|
| 300 |
|
|
|a xii, 498 pages :
|b illustrations ;
|c 22 cm.
|
| 362 |
|
|
|a Vol. 1
|
| 500 |
|
|
|a Revision of author's thesis (Ph. D.--University of London).
|
| 500 |
|
|
|a Includes few notes in Bengali.
|
| 500 |
|
|
|a Includes bibliographical references and index.
|
| 505 |
1 |
|
|a v. 1. [lacks special title] -- v. 2. Bibliography of early imprints, 1778-1866
|
| 526 |
|
|
|a BIED
|
| 541 |
|
|
|a Complimentary copy from BIED
|e 35772
|
| 650 |
|
0 |
|a Books
|z Bangladesh
|x History.
|9 34775
|
| 650 |
|
0 |
|a Printing
|z Bangladesh
|x History.
|9 34776
|
| 650 |
|
0 |
|a Book industries and trade
|z Bangladesh
|x History.
|9 34777
|
| 710 |
2 |
|
|a Bāṃlā Ekāḍemī (Bangladesh)
|9 34778
|
| 852 |
|
|
|a Ayesha Abed Library
|c BIED Collection
|
| 942 |
|
|
|2 ddc
|c BK
|
| 952 |
|
|
|0 0
|1 0
|2 ddc
|4 0
|6 070_509541400000000_KHA
|7 0
|9 66651
|a BRACUL
|b BRACUL
|c GEN
|d 2019-10-02
|e Complimentary copy from BIED
|l 0
|o 070.5095414 KHA
|p 3010035772
|r 2019-10-02
|t 1
|w 2019-10-02
|y BK
|x Transferred from BIED to General Stacks
|